Preisschock an der Zapfsäule (Titelsatznr. 374366)
[ MARC ]
| 000 -Satzkennung | |
|---|---|
| Kontrollfeld mit fester Länge | 00638nab a2200181 4500 |
| 001 - Kontrollnummer | |
| Kontrollfeld | 244442 |
| 003 - Kontrollnummer Identifier | |
| Kontrollfeld | OSt |
| 005 - Datum und Zeit der letzten Transaktion | |
| Kontrollfeld | 20260413120105.0 |
| 007 - Feld mit fester Länge zur physischen Beschreibung - Allgemeine Information | |
| Kontrollfeld mit fester Länge | tu |
| 008 - Feld mit fester Länge zur physischen Beschreibung - Allgemeine Angaben | |
| Kontrollfeld mit fester Länge | 260413s2020||||||| |
| 040 ## - Katalogisierungsquelle | |
| Original-Katalogisierungsstelle | DE-2950 |
| Übertragungsstelle | DE-2950 |
| 245 00 - Titel | |
| Titel | Preisschock an der Zapfsäule |
| Zusatz zum Titel | Kraftstoff. Die neue Regel an deutschen Tankstellen hat noch keine Entlastung gebracht. Stattdessen zogen die Preise kräftig an. Umso besser sieht es in Polen aus/ |
| Verfasserangabe etc. | Frank Groneberg |
| 264 ## - Produktion, Veröffentlichung, Distribution, Herstellung und Urheberrechtsvermerk | |
| Datum der Herstellung, der Veröffentlichung, des Vertriebs oder des Urheberschutzvermerks | 2026 |
| 653 ## - Indexierungsterm - Nicht normiert | |
| Nicht-normierter Term | Frankfurt (O) |
| 653 ## - Indexierungsterm - Nicht normiert | |
| Nicht-normierter Term | Kraftstoffpreise |
| 773 0# - Übergeordnete Einheit | |
| Verknüpfungsangaben | 37. Jahrgang (2026) Nr. 78 vom 02.04.2026 , S. 15 mit Fotos |
| Titel | Märkische Oderzeitung |
| 942 ## - Zusätzliche Felder (Koha) | |
| Klassifikation oder Aufstellungssystematik | Andere/Generische Klassifikation |
| Koha-Medientyp | Aufsätze |
| Ausgeschieden | Verloren | Klassifikation oder Aufstellungssystematik | Beschädigt | Nicht entleihbar | Heimatbibliothek | Aufenthaltsbibliothek | Aufstellungsort | Erwerbungsdatum | Anzahl Ausleihen | Signatur | Letzte Aktivität | Preis gültig von | Koha-Medientyp |
|---|---|---|---|---|---|---|---|---|---|---|---|---|---|
| Andere/Generische Klassifikation | Stadtarchiv Frankfurt (Oder) | Archivbibliothek | Stadtarchiv Frankfurt (Oder) | Archivbibliothek | Magazin | 13/04/2026 | Z2 | 13/04/2026 | 13/04/2026 | Aufsätze |